Statistics for Austrian Habsburg Crown Lands in 1732 with a Map

Click here to take the quiz!

General Stats

  • This quiz has been taken 3,473 times
  • The average score is 17 of 46

Answers on the Map

Answers color-coded by a green-red scale on the quiz's map according to % correct below.
 

Answer Stats

Crown Lands% Correct
Hungary
98%
Austria
94%
Bohemia
90%
Naples
88%
Sicily
86%
Serbia
80%
Croatia
77%
Tyrol
76%
Moravia
75%
Transylvania
74%
Flanders
72%
Luxembourg
67%
Milan
66%
Trieste
62%
Styria
57%
Trent
53%
Carinthia
50%
Brabant
46%
Carniola
37%
Slavonia
36%
Hainaut
26%
Limburg
24%
Opole
24%
Namur
23%
Gorizia
20%
Bregenz
15%
Craiova
14%
Breisgau
11%
Brixen
10%
Cieszyn
10%
Konstanz
10%
Temeswar
10%
Opava
9%
Brzeg
8%
Nysa
7%
Oleśnica
7%
Ziębice
6%
Ścinawa
5%
Żagań
5%
Altdorf
4%
Günzburg
4%
Offenburg
4%
Rottenburg
4%
Tettnang
4%
Namysłów
3%
Stockach
3%

Score Distribution

Percentile by Number Answered

Percent of People with Each Score

Your Score History

You have not taken this quiz